| 000 | 01426nam a22001577a 4500 | ||
|---|---|---|---|
| 041 | _aukr | ||
| 080 | _a09 | ||
| 090 | _bСАВ | ||
| 100 | _aСавицький Д.Ю. | ||
| 245 | _a"Мантиса" Джона Фаулза як постмодерний проект метароману | ||
| 260 |
_aОстрог _bКАФ _c2009 |
||
| 300 | _a69 | ||
| 520 |
_aВСТУП
РОЗДІЛ 1 ІСТОРІЯ ПОСТМОДЕРНІЗМУ
1.1 Початок і еволюція постмодернізму.
1.2 Постмодернізм як концепція "духу часу" 20 ст.
1.3 Постмодерний образ сучасності.
1.4 Проблема термінології постмодернізму.
1.5 Постмодерна свідомість культури.
РОЗДІЛ 2 ТЕОРІЯ ПОСТМОДЕРНІЗМУ
2.1 Соціальна теорія постмодернізму.
2.2 Методологічний фундамент постмодернізму.
2.3 Поетика постмодерністського роману.
РОЗДІЛ 3 АНАЛІЗ ТВОРУ ДЖОНА ФАУЛЗА "МАНТИСА"
3.1 Генезис роману як жанру.
3.2 Метароман як літературне явище.
3.3 Сюжет і фабула "Мантиси" Джона Фаулза.
ВИСНОВКИ _0постмодернізм, |
||
| 650 | _aResearch Papers | ||
| 999 |
_c284184 _d284184 |
||
| 942 | _cBK | ||